Catcheurs de A à Z en images - Statistiques

Statistiques générales
  • Ce quiz a été pris 450 fois
  • Le résultat moyen est 16 sur 26
Statistiques - réponses
Par images Hint Réponse % Correct
J John Cena
97%
B Batista
95%
U The Undertaker
92%
R Rey Mysterio
91%
E Edge
87%
H Hulk Hogan
87%
A André The Giant
86%
T Triple H
85%
K Kane
84%
S Sheamus
80%
C Cody Rhodes
77%
G Goldberg
66%
D Drew McIntyre
62%
X Xavier Woods
54%
O Otis
53%
F Finlay
52%
P Penta
51%
L Luke Harper
47%
M Mick Foley
47%
W Wade Barrett
47%
Y Yokozuna
45%
Z Zack Ryder
42%
V Vladimir Koslov
25%
I Iron Sheik
24%
N Nick Aldis
24%
Q Q.T. Marshall
5%
Aucun quiz correspondant
Distribution des résultats
% des personnes avec chaque résultat
Percentile par nombre de réponses
Votre historique - résultats
Vous n’avez pas pris ce quiz